00429nam a2200157Ia 4500008004100000020001500041041001200056082001600068100001700084245008900101250000800190260003700198300000800235650000800243700002000251221030s9999 xx 000 0 und d a8178089912 aEnglish a105.23bRab aJ. M. Rabaey 0aDigital Integrated Circuits - A Design Perspectivecby J. M. Rabaey, A. Chandrakasan a2nd bPearson EducationaDelhic2005 a761 aECE aA. Chandrakasan